The appraisal of outdoor advertising signs

Bibliographic Details
Main Author: Sutte, Donald T.
Format: Book
Published: Chicago : Appraisal Institute , 1994
Subjects:

MARC

LEADER 00000cam a2200000 7i4500
001 0000001584
005 20050422.0
020 |a 0922154439 
040 |a INS 
090 0 0 |a HF5843.   |b S87 1994 
100 1 |a Sutte, Donald T. 
245 1 4 |a The appraisal of outdoor advertising signs   |c Donald T. Sutte 
260 |a Chicago :   |b Appraisal Institute ,   |c 1994 
300 |a 93p. 
650 0 0 |a Advertising, outdoor   |z US   |x valuation 
650 0 0 |a Real Property   |x valuation   |z US 
650 0 0 |a Signs and signboard   |z US   |x valuation 
999 |a 0000007086   |b BOOK   |c Open Shelf   |e Default branch